Welcome to WEB OPAC of MRSPTU Central Library

Thyristors and their application (Record no. 1410)

MARC details
000 -LEADER
fixed length control field 00393nam a2200145Ia 4500
008 - FIXED-LENGTH DATA ELEMENTS--GENERAL INFORMATION
fixed length control field 230711s9999||||xx |||||||||||||| ||und||
041 ## - LANGUAGE CODE
Language code of text/sound track or separate title ENG
082 ## - DEWEY DECIMAL CLASSIFICATION NUMBER
Classification number 621
Item number RA-T
100 ## - MAIN ENTRY--PERSONAL NAME
Personal name Ramamoorty,M
245 #0 - TITLE STATEMENT
Title Thyristors and their application
250 ## - EDITION STATEMENT
Edition statement 1st Ed.
260 ## - PUBLICATION, DISTRIBUTION, ETC.
Date of publication, distribution, etc. 1977
Place of publication, distribution, etc. New Delhi
Name of publisher, distributor, etc. EWP(Affiliated East-West Press Private Limited)
650 ## - SUBJECT ADDED ENTRY--TOPICAL TERM
Topical term or geographic name entry element Electrical Engineering
942 ## - ADDED ENTRY ELEMENTS (KOHA)
Koha item type Book
Holdings
Withdrawn status Lost status Damaged status Not for loan Collection Home library Current library Date acquired Total checkouts Full call number Barcode Date last seen Price effective from Koha item type
          MRSPTU Central Library MRSPTU Central Library     621 RA-T 6878 08/17/2023 08/17/2023 Book
          MRSPTU Central Library MRSPTU Central Library     621 RA-T 6879 08/17/2023 08/17/2023 Book
          MRSPTU Central Library MRSPTU Central Library     621 RA-T 6880 08/17/2023 08/17/2023 Book
          MRSPTU Central Library MRSPTU Central Library     621 RA-T 6881 08/17/2023 08/17/2023 Book
          MRSPTU Central Library MRSPTU Central Library     621 RA-T 6882 08/17/2023 08/17/2023 Book
          MRSPTU Central Library MRSPTU Central Library     621 RA-T 6883 08/17/2023 08/17/2023 Book
          MRSPTU Central Library MRSPTU Central Library     621 RA-T 6884 08/17/2023 08/17/2023 Book
          MRSPTU Central Library MRSPTU Central Library     621 RA-T 6885 08/17/2023 08/17/2023 Book
          MRSPTU Central Library MRSPTU Central Library     621 RA-T 6886 08/17/2023 08/17/2023 Book
          MRSPTU Central Library MRSPTU Central Library     621 RA-T 6887 08/17/2023 08/17/2023 Book

Website Designed and Developed by MRSPTU Central Library Team

E-mail Id: librarian@mrsptu.ac.in